Quizzes
Events
Quiz Creation
Community
Videos
Private Events
Remove Ads
Sign In
Join for FREE
Feedback
Dark Mode
Quiz Categories
Sports
Geography
Music
Movies
Television
Just For Fun
Miscellaneous
History
Literature
Language
Science
Gaming
Entertainment
Religion
Holiday
For Kids
Quiz Lab
Recent
Popular Today
Quiz Kudos Today
Editor Picks
Curator Picks
Quizzes by...
Day
Popularity
Type
Ratings
Length
Year
Community
Subscriptions
Recent Discussions
Orange Saloon
Badges
Playlists
Quests
Create
Leaderboards
Showdown
Live 5
Trivia Bingo
Activity
Puzzle Library
Sporcle Events
Private Events
Virtual Trivia
Globe League
Become a Host
Pub Owners
SporcleCon
Opinionation
Our Games
Videos
Blog
Mobile Apps
Partnerships
Remove Ads and Go Orange
Feedback
Music
Pop Music
The Beatles
Song
Album
Lyrics
Bands
Singers
Artist
Clip
Rock
Rap
Classical
Billboard
Country Music
Kpop
Taylor Swift
Music
Pop Music
The Beatles
Song
Album
Lyrics
Bands
Singers
Artist
Clip
Rock
Rap
Classical
Billboard
Country Music
Kpop
Taylor Swift
Random Quiz
Search Sporcle
×
Quiz Lab
Quiz Lab
Music
Kpop
Type answers based on single images at one time
Type answers based on single images at one time
Slideshow
Best Score? Go Orange.
Name My Kpop Biases Stats
Can you name My Kpop Biases?
By
ohbeysehun
20m
92 Questions
631 Plays
631 Plays
631 Plays
Comments
Comments
Give Quiz Kudos
Give Quiz Kudos
-
- Ratings
hide this ad
Replay
Link that replays current quiz
Next Quiz
Link to next quiz in quiz playlist
You Got
0%
They Got
Avg Score
42%
Avg Friend Score
Upgrade to see
Score Distribution
Jump to the score distribution portion of the page
Score
0/92
Timer
20:00
0
Plays Today
% Correct
CL
96.8%
Sehun
95.4%
Vernon
85.4%
Seungri
85.1%
Key
83.5%
Yugyeom
82.8%
V
80.3%
Krystal
79.3%
Hani
77.7%
Zico
77.7%
L
71.4%
Seulgi
70.9%
Jay Park
70.7%
Zelo
67.6%
Eunhyuk
67.4%
Hyuk
67.2%
Jiyoon
66%
Hyoyeon
65.7%
Bomi
65%
Kihyun
64.5%
Ilhoon
63.9%
Momo
63.6%
Hwasa
63%
Minhyuk
63%
Tiffany
62%
Taehyun
60.9%
Ailee
60.9%
Nana
59.9%
Gongchan
59%
Jia
57.7%
Soyou
57.6%
% Correct
JR
57.2%
Yunho
56%
Jae
55.8%
Chunji
55.2%
Nichkhun
54.8%
Gain
53.3%
Hara
49.8%
Yura
48.8%
Rocky
48.3%
Minwoo
47.5%
Hongki
47.4%
Donghyuk & B.I
45.2%
DΞΔN
44%
Lee Joon
43.7%
B-Bomb
43.1%
Kwanghee
41.7%
Gikwang & Hyunseung
39.6%
B-Joo
39.6%
Hyejeong
36.9%
Hyomin
34.5%
Kyungil
33.9%
Seungjun
31.6%
Kyungri
30.7%
Prince Mak
29.7%
Yeeun
29.3%
Yerin
28.1%
Kei
28%
Sungjoo
27.3%
Kang Jun
26.1%
Cao Lu
25.9%
Jaekyung
25.8%
% Correct
Ellin
23.5%
Hana
23.4%
Yuta
23.4%
Boa
22.7%
Jun & Kevin
22.6%
Serri
22.3%
Insoo
22.3%
Jiho
22.1%
Sungoh
19.2%
Sojung
18.9%
Lee Geon
18.6%
Jaehyun
17.3%
Nara
17.3%
Brian Joo
16.4%
Uji
14.6%
Hwanhee & Xiao
14.3%
Ray
14.3%
Elkie
14.1%
Timotheo
11.8%
Seyoung
10.2%
Myunghan
8.6%
Jeonyul
7.5%
NS Yoon G
6.2%
Euijin
5.6%
Nari
5.2%
Kim Sae Ron
4.8%
Kemy
4.5%
Seungjin
3.8%
Wooyoung
3.5%
Hami
2.5%
Quiz Playlist
Details
Report
Send in Message
Add To Playlist
Slideshow:
Type answers based on single images at one time
Last Updated: Feb 16, 2017
Quiz Scoreboard
CHALLENGE
Sign Up to Join the Scoreboard
Show All
Scores
Hide
Comments
May contain spoilers
Recently Published
Billboard Blitz: Fleetwood Mac
by CooCooCachoo
Music
15s
Presidents Visiting Landmarks
by Hejman
History
7m
An Introduction to Baseball
by treessimontrees
Sports
5m
More to Explore
Quiz From the Vault
Featured Blog Post
Where Did the Easter Bunny Come From?
hide this ad
You Might Also Like...
Tags
Kpop Quiz
Kpop Quiz
Today's Top Quizzes in Music
Browse Music
hide this ad
Today's Top Quizzes in Kpop
Browse Kpop
Top Contributed Quizzes in Music
1
Taylor Swift All Songs (2024)
2
Guess the Artist- 70s Songs
3
7-to-1: Billboard Hot 100 #1 Hits of 2010s
4
Sorting Albums and Songs
5
Taylor Swift Logic Puzzle
6
KPOP LOGIC QUIZ
7
2010s Album by Cover III
8
One Thing in Common: Music
9
Guess the Taylor Swift song (Mystery Song)
10
Guess The Taylor Swift Lyrics Song #1
Explore More
Trending Topics
Kpop
Harry Potter
Marvel
Disney
Anime
Crossword
NBA
Puzzle
Pokémon
Soccer
NFL
Country
Song
WWE
The Office
hide this ad
More By:
ohbeysehun
Quiz
Plays
Rating
Category
Featured
Created
Kpop Pre-Debut Picture Quiz
3,038
Music
Feb 13, 2016
Name The 'A' Kpop MV? (Pictures)
2,353
3.78
Music
Feb 22, 2016
Name The 'B' Kpop MV? (Pictures)
1,665
3.60
Music
Feb 24, 2016
Name The 'C' Kpop MV? (Pictures)
1,288
4.67
Music
Feb 28, 2016
Name Kpop MV by Screenshot?
719
3.50
Music
Feb 16, 2016
Go to Creator's Profile
Score Distribution
Quiz Creator Spotlight
ohbeysehun
Follow
Send a Message
Quizzes Created
-
Created Quiz Play Count
-
More By This Creator
Popular Quizzes Today
1
Find the US States - No Outlines Minefield
2
Find the Countries of Europe - No Outlines Minefield
3
The Countries of the World
4
Find the US States
5
US States
6
Popular People in 1961
7
Risky Map Clicking: Biggest States A-Z
8
Movies - When Are They Set?
More Music Quizzes
'Jailhouse Rock' Lyrics
Published
Trending Quizzes
Risky Map Clicking: Least Populous States A-Z
1-10 Letter G Words
1-10 Letter F Words
Risky Map Clicking: Next State Alphabetically
Risky Map Clicking: Biggest States A-Z
Recently Updated
Leaping Animals
pecheneg
Reality TV Shows (A-Z)
bhenderson79
Rickey Henderson's Hall of Fame Teammates
pecheneg
Champions League XIs: Arsenal
pecheneg
Quick Pick: Celebrities in WWE's Hall of Fame
aduchscher
A-Z Keypad Blitz II
pecheneg
Multiple Oscar Actors
pecheneg
Mystery Phrase Blitz: Oscar 'Best Actors'
pecheneg
F. Scott Fitzgerald Novels
LTH
Pick 3 Villains
ddd62291
Trending Topics
Harry Potter
Disney
Crossword
NBA
Kpop
Marvel
Anime
NFL
The Office
Country
Song
Puzzle
Soccer
WWE
Pokémon
Your Account Isn't Verified!
In order to create a playlist on Sporcle, you need to verify the email address you used during registration. Go to your
Sporcle Settings
to finish the process.
Report this User
Report this user for behavior that violates our
Community Guidelines
.
Details:
Send Report
Go to the Sporcle.com Mobile Site →
Comments